000 00773nam a2200253 i 4500
001 6446
003 ES-MaACL
005 20250818075112.0
007 t|
008 891122s1985 sp |||| | spa d
020 _a84-376-0564-4
080 _a323.272(4)"15/16"
080 _a940"15/16"
100 1 _aZagorin, Pérez.
_9162627
245 1 0 _aRevueltas y revoluciones en la Edad Moderna.
_n1 /
_cPerez Zagorin.
260 _aMadrid :
_bCátedra,
_c1985.
300 _a1 v. (325 p.) ;
_c21 cm.
490 1 _aHistoria.
_aSerie menor
505 8 _aContiene: 1 ;
_tMovimientos campesinos y urbanos
650 1 4 _aRevoluciones-
_vHistoria
_916901
830 0 _aHistoria.
_aSerie menor
_9178513
852 _aES-MaACL
_jL-13538
_z- enc. rust.
999 _c6446
_d6446